Statistics for Megadeth Albums Tile Select

Click here to take the quiz!

General Stats

  • This quiz has been taken 39 times
  • The average score is 37 of 45

Answer Stats

QuestionTileSelect% Correct
the following songs that are on So Far, So Good... So What! (1988).In My Darkest HourYes
94%
the following songs that are on Countdown to Extinction (1992).Symphony of DestructionYes
94%
the following songs that are on Peace Sells... but Who's Buying? (1986).The ConjuringYes
94%
the following songs that are on Peace Sells... but Who's Buying? (1986).Wake Up DeadYes
94%
the following songs that are on Countdown to Extinction (1992).Blood of HeroesNo
92%
the following songs that are on Rust in Peace (1990).Holy Wars... The Punishment DueYes
92%
the following songs that are on Peace Sells... but Who's Buying? (1986).Last Rites/Loved to DeathNo
92%
the following songs that are on Peace Sells... but Who's Buying? (1986).MechanixNo
92%
the following songs that are on Rust in Peace (1990).Tornado of SoulsYes
92%
the following songs that are on So Far, So Good... So What! (1988).Hangar 18No
89%
the following songs that are on Rust in Peace (1990).High Speed DirtNo
89%
the following songs that are on Rust in Peace (1990).Into the Lungs of HellNo
89%
the following songs that are on Peace Sells... but Who's Buying? (1986).Looking Down the CrossNo
89%
the following songs that are on Youthanasia (1994).Reckoning DayYes
89%
the following songs that are on Countdown to Extinction (1992).Sweating BulletsYes
89%
the following songs that are on Peace Sells... but Who's Buying? (1986).The Skull Beneath the SkinNo
89%
the following songs that are on Youthanasia (1994).Use the ManNo
89%
the following songs that are on Youthanasia (1994).A Tout le MondeYes
86%
the following songs that are on Youthanasia (1994).Blackmail the UniverseNo
86%
the following songs that are on Countdown to Extinction (1992).Elysian FieldsNo
86%
the following songs that are on So Far, So Good... So What! (1988).Five MagicsNo
86%
the following songs that are on So Far, So Good... So What! (1988).Hook in MouthYes
86%
the following songs that are on So Far, So Good... So What! (1988).Set the World AfireYes
86%
the following songs that are on Rust in Peace (1990).LiarNo
83%
the following songs that are on Countdown to Extinction (1992).Skin o' My TeethYes
83%
the following songs that are on Rust in Peace (1990).Take No PrisonersYes
83%
the following songs that are on Rust in Peace (1990).This Was My LifeNo
83%
the following songs that are on Rust in Peace (1990).Captive HonourNo
81%
the following songs that are on Peace Sells... but Who's Buying? (1986).Good Mourning/Black FridayYes
81%
the following songs that are on Youthanasia (1994).Head CrusherNo
81%
the following songs that are on Rust in Peace (1990).Poison Was the CureYes
81%
the following songs that are on So Far, So Good... So What! (1988).502Yes
78%
the following songs that are on Peace Sells... but Who's Buying? (1986).Bad OmenYes
78%
the following songs that are on So Far, So Good... So What! (1988).Devils IslandNo
78%
the following songs that are on Youthanasia (1994).Train of ConsequencesYes
78%
the following songs that are on Countdown to Extinction (1992).Architecture of AggressionYes
72%
the following songs that are on Youthanasia (1994).Crush 'EmNo
72%
the following songs that are on So Far, So Good... So What! (1988).My Last WordsNo
72%
the following songs that are on Countdown to Extinction (1992).Ashes in Your MouthYes
69%
the following songs that are on Countdown to Extinction (1992).Foreclosure of a DreamYes
69%
the following songs that are on Peace Sells... but Who's Buying? (1986).I Ain't SuperstitiousYes
69%
the following songs that are on So Far, So Good... So What! (1988).Mary JaneYes
67%
the following songs that are on Youthanasia (1994).I Thought I Knew It AllYes
64%
the following songs that are on Countdown to Extinction (1992).PsychotronYes
64%
the following songs that are on Youthanasia (1994).Black CurtainsYes
50%

Score Distribution

Percentile by Number Answered

Percent of People with Each Score

Your Score History

You have not taken this quiz